[Event "FRA-ch Blitz Online Qual"]
[Site "Europe Echecs INT"]
[Date "2020.05.16"]
[Round "8"]
[White "Tuillier, Valentin"]
[Black "Droulout, Paul"]
[Result "1-0"]
[WhiteElo "1607"]
[BlackElo "1176"]
[PlyCount "59"]
[EventDate "2020.05.16"]
[EventType "swiss (blitz)"]
[EventRounds "15"]
[EventCountry "FRA"]
[SourceTitle "CBM 196 Extra"]
[Source "ChessBase"]
[SourceDate "2020.07.31"]
[SourceVersion "1"]
[SourceVersionDate "2020.07.31"]
[SourceQuality "1"]

1. e4 c5 2. Nf3 d6 3. d4 cxd4 4. Nxd4 Nf6 5. Nc3 g6 6. Be3 Bg7 7. Bc4 0-0 8. 0-0 Nc6 9. Bb3 Bd7 10. Kh1 Na5 11. f4 Nxb3 12. axb3 a6 13. f5 Qc8 14. Qe2 b5 15. b4 Qb7 16. Bg5 Rfe8 17. Rad1 h6 18. Bxf6 Bxf6 19. fxg6 fxg6 20. Qe3 Kh7 21. Nd5 Bg7 22. c3 Bc6 23. Nxc6 Qxc6 24. Rf3 Qc4 25. Rdf1 e6 26. Nf6+ Bxf6 27. Rxf6 Kg7 28. Rf7+ Kg8 29. Qxh6 e5 30. Qg7# 1-0